000 00507nam a22001577a 4500
020 _a9789353062910
040 _cNUST
082 _a670
_bKAL
100 _aKalpakjian, Serope
_981153
245 _aManufacturing Processes for Engineering Materials \
_cSerope Kalpakjian, Steven R. Schmid & Joyjeet Ghose
250 _a6th Ed.
260 _aIndia,
_bPearson,
_c2018.
300 _axx,1116p. ;
_bPaperback
_c27cm.
440 _aManufacturing Processes For Engineering Materials \
_981154
942 _2ddc
_cBK
999 _c586055
_d586055